000 00687nam a2200277Ia 4500
005 20260324121234.0
008 008 260324s9999 xx 000 0 eng d
020 _a9780429100550
037 _aEBOOK
040 _aCRL
040 _beng
040 _cCRL
041 _2eng
041 _aeng
084 _qCRL
100 _aThomas J. Smith; Thomas Fisher; Michael G. Wade; Robert A. Henning
_91161741
245 0 _aVariability in Human Performance
260 _bTaylor and Francis
260 _c2014
365 _a
365 _b340
856 _uhttp://www.taylorfrancis.com/books/9780429100550
942 _cEBOOK
999 _c1753715
_d1753715